Operacje pokojowe ONZ - Statystyki

Ogólne statystyki
  • Ten quiz został rozwiązany 81 razy
  • Średni wynik to 4 z 9
Statystyki odpowiedzi
Odpowiedź % Poprawnych
Korea 1950-1953
81%
Bośnia i Hercegowina/Jugosławia 1993-1995
77%
Palestyna/Izrael od 1967
60%
Rwanda 1993-1996
50%
Demokratyczna Republika Konga 1960-1964
48%
Somalia 1992-1994
46%
Kuwejt/Zatoka Perska 1990-1991
27%
Kambodża 1992-1993
25%
Cypr od 1964
19%
Nie znaleziono quizów pasujących do podanych kryteriów
Rozkład punktacji
Procent ludzi z każdym wynikiem
Percentyl według liczby udzielonych odpowiedzi
Twoja historia wyników
Nie rozwiązałeś tego quizu